| Tag |
First Indicator |
Second Indicator |
Subfields |
| LEADER |
00000cam a2200000 a 4500 |
| 001 |
in00000978015 |
| 005 |
20150927081151.0 |
| 008 |
900911m19899999dcua f00010 eng d |
| 010 |
|
|
|a gp 90020353
|
| 035 |
|
|
|a (OCoLC)22353845
|
| 035 |
|
|
|9 AEV8559AM
|
| 040 |
|
|
|a GPO
|c GPO
|d UtOrBLW
|
| 043 |
|
|
|a n-us---
|
| 074 |
|
|
|a 323
|
| 086 |
0 |
|
|a D 101.9:614-102/977/corr.
|
| 110 |
1 |
|
|a United States.
|b Department of the Army.
|
| 245 |
1 |
0 |
|a Current and projected colonel requirements (requirement control symbol MILPC-25) :
|b assignments, details, and transfers.
|
| 250 |
|
|
|a [Corr. print.].
|
| 264 |
|
1 |
|a Washington, DC :
|b Headquarters, Dept. of the Army,
|c [1989-]
|
| 300 |
|
|
|a 1 volume (loose-leaf) :
|b illustrations ;
|c 26 cm.
|
| 336 |
|
|
|a text
|b txt
|2 rdacontent
|
| 337 |
|
|
|a unmediated
|b n
|2 rdamedia
|
| 338 |
|
|
|a volume
|b nc
|2 rdacarrier
|
| 490 |
1 |
|
|a Army regulation ;
|v no. 614-102
|
| 500 |
|
|
|a Caption title.
|
| 500 |
|
|
|a "Corrected copy."
|
| 500 |
|
|
|a "Superseded AR 614-102, 22 January 1975"--P. 1.
|
| 500 |
|
|
|a Shipping list number: 89-729-P.
|
| 500 |
|
|
|a "22 April 1977."
|
| 610 |
1 |
0 |
|a United States.
|b Army
|x Appointments and retirements.
|
| 610 |
1 |
0 |
|a United States.
|b Army
|x Officers.
|
| 740 |
0 |
|
|a Assignments, details, and transfers.
|
| 810 |
1 |
|
|a United States.
|b Department of the Army.
|t Army regulation ;
|v no. 614-102.
|
| 999 |
|
|
|a MARS
|
| 999 |
f |
f |
|s 8c6ac2b7-67fc-3f02-ad19-1807defc1111
|i b61586ee-618b-3456-a2f6-91a14d48d4ed
|t 0
|
| 952 |
f |
f |
|p normal
|a Texas A&M University
|b College Station
|c Sterling C. Evans Library
|d Evans: US Documents (Annex 5th floor)
|t 0
|e D 101.9:611-1-614-203
|h Superintendent of Documents classification
|i unmediated -- volume
|m A14838321306
|
| 952 |
f |
f |
|a Texas A&M University
|b College Station
|c Sterling C. Evans Library
|d Evans: US Documents (Annex 5th floor)
|t 0
|e D 101.9:611-1-614-203
|h Superintendent of Documents classification
|
| 998 |
f |
f |
|a D 101.9:611-1-614-203
|s 611-1,611-3,611-5-611-6,611-60,611-75,611-101,611-112,612-10,612-201,614-1,614-3,614-5,614-10,614-102,614-105,614-110,614-185,614-200,614-203
|t 0
|l Evans: US Documents (Annex 5th floor)
|